Bài tập kinh tế vĩ mô

Đã lưu trong:
Sonraí Bibleagrafaíochta
Príomhúdar: Nguyễn, Văn Dần
Formáid: Leabhar
Teanga:Undetermined
Foilsithe: Hà Nội Tài chính 2004
Ábhair:
Clibeanna: Cuir Clib Leis
Gan Chlibeanna, Bí ar an gcéad duine leis an taifead seo a chlibeáil!
Thư viện lưu trữ: Trung tâm Học liệu Trường Đại học Cần Thơ
LEADER 00557nam a2200205Ia 4500
001 CTU_110743
008 210402s9999 xx 000 0 und d
020 |c 30000 
082 |a 339 
082 |b D121 
100 |a Nguyễn, Văn Dần 
245 0 |a Bài tập kinh tế vĩ mô 
245 0 |c Nguyễn Văn Dần 
260 |a Hà Nội 
260 |b Tài chính 
260 |c 2004 
650 |a Macroeconomics 
650 |x Problems, exercises, etc. 
904 |i Minh 
980 |a Trung tâm Học liệu Trường Đại học Cần Thơ